Finding my hat / (Record no. 6074)

MARC details
000 -LEADER
fixed length control field 00914nam a22002897a 4500
001 - CONTROL NUMBER
control field 6074
003 - CONTROL NUMBER IDENTIFIER
control field FISKH
005 - DATE AND TIME OF LATEST TRANSACTION
control field 20250307132620.0
008 - FIXED-LENGTH DATA ELEMENTS--GENERAL INFORMATION
fixed length control field 250306b cb ||||| |||| 00| 0 eng d
020 ## - INTERNATIONAL STANDARD BOOK NUMBER
International Standard Book Number 9780439435390
040 ## - CATALOGING SOURCE
Original cataloging agency FISKH
Language of cataloging eng
Transcribing agency FISKH
Modifying agency FISKH
050 ## - LIBRARY OF CONGRESS CALL NUMBER
Classification number PZ7.S69746 F
082 ## - DEWEY DECIMAL CLASSIFICATION NUMBER
Classification number 281
100 ## - MAIN ENTRY--PERSONAL NAME
Personal name Son, John
Dates associated with a name (1972-)
245 ## - TITLE STATEMENT
Title Finding my hat /
Statement of responsibility, etc. John Son
250 ## - EDITION STATEMENT
Edition statement This edition first published in 2004
260 ## - PUBLICATION, DISTRIBUTION, ETC.
Place of publication, distribution, etc. New York :
Name of publisher, distributor, etc. Scholastic,
Date of publication, distribution, etc. 2003
300 ## - PHYSICAL DESCRIPTION
Extent 185 pages :
Dimensions 18 cm
505 ## - FORMATTED CONTENTS NOTE
Formatted contents note W<br/>
520 ## - SUMMARY, ETC.
Summary, etc. Jin-Han describes his life growing up with his mother and father, immigrants from Korea, and his little sister as they move to different cities with his parents' business.<br/>
521 8# - TARGET AUDIENCE NOTE
Target audience note 840<br/>
Source Lexile<br/>
521 8# - TARGET AUDIENCE NOTE
Target audience note W<br/>
Source Raz-Plus<br/>
650 ## - SUBJECT ADDED ENTRY--TOPICAL TERM
Source of heading or term Korean American
Topical term or geographic name entry element Multicultural
650 ## - SUBJECT ADDED ENTRY--TOPICAL TERM
Source of heading or term First person
Topical term or geographic name entry element Immigrants
942 ## - ADDED ENTRY ELEMENTS (KOHA)
Source of classification or shelving scheme Dewey Decimal Classification
Koha item type Books
Suppress in OPAC No
Holdings
Withdrawn status Lost status Source of classification or shelving scheme Damaged status Not for loan Collection Home library Current library Shelving location Date acquired Total Checkouts Full call number Barcode Date last seen Date last checked out Copy number Price effective from Koha item type
    Dewey Decimal Classification     Juvenile Fiction Footprints International School Library Network Toul Tom Poung Campus Footprints International School Library Network Toul Tom Poung Campus TTP Secondary Fiction Bookshelves 03/06/2025 1 SON 281 PZ7.S69746 F 2025-0738 02/27/2026 02/02/2026 1 03/06/2025 Books